<A> Reconciliation of Cointegration Testing of Foreign Exchange Market Efficiency

Salvato in:
Dettagli Bibliografici
Autore principale: Layton, Allan P.
Natura: Libro
Lingua:inglese
Pubblicazione: Queensland University 1991
Edizione:1. ed.
Serie:Discussion Paper No.62
Tags: Aggiungi Tag
Nessun Tag, puoi essere il primo ad aggiungerne!!

MARC

LEADER 00000nam a2200000 4500
001 c035713
005 20221214094740.9
041 0 |a eng 
044 |a AU 
245 1 0 |a <A> Reconciliation of Cointegration Testing of Foreign Exchange Market Efficiency  |c Allan P. Layton 
250 |a 1. ed. 
264 1 |a Queensland  |b University  |c 1991 
300 |a 9 s. 
490 1 |a Discussion Paper  |v No.62 
830 0 |a Discussion Paper  |v No.62 
100 1 |a Layton, Allan P.